India, Scale 1:500,000, TPC K-8D, January 22, 1983.

Bibliographic Details
Corporate Author: United States. National Imagery and Mapping Agency
Format: Government Document Book
Language:English
Published: [Place of publication not identified] : [publisher not identified], [1999?]

MARC

Tag First Indicator Second Indicator Subfields
LEADER 00000cam a22000007a 4500
001 in00000006594
005 20150930060123.0
008 990923s1999 xxu f000 0 eng d
035 |a (OCoLC) 
035 |a tmp97158120 
035 |9 AJK6639AM 
040 |a MvI  |c MvI  |d UtOrBLW 
049 |a MAPS 
074 |a 0378-E-05 
086 0 |a D 5.354:TPC K-8 D/983 
245 0 0 |a India, Scale 1:500,000, TPC K-8D, January 22, 1983. 
264 1 |a [Place of publication not identified] :  |b [publisher not identified],  |c [1999?] 
336 |a text  |b txt  |2 rdacontent 
337 |a unmediated  |b n  |2 rdamedia 
338 |a volume  |b nc  |2 rdacarrier 
500 |a Shipping List #: 99-2027-S 
500 |a Shipping List Date: 09/10/99 
710 1 |a United States.  |b National Imagery and Mapping Agency. 
999 |a MARS 
999 f f |s 41c19115-f852-34ff-a7bc-10f14750bf4c  |i 3ed128cd-616e-3e80-9b68-79d977d3c01a  |t 0 
952 f f |p normal  |a Texas A&M University  |b College Station  |c Sterling C. Evans Library  |d Evans: Maps File (2nd floor)  |t 0  |e G3201.P6 s500 .U5 TPC K-8D  |h Library of Congress classification  |i unmediated -- volume  |m A14827047981 
998 f f |a G3201.P6 s500 .U5 TPC K-8D  |t 0  |l Evans: Maps File (2nd floor)